Highway research record number 438 soil compaction and corrugation (Record no. 547597)
[ view plain ]
| 000 -LEADER | |
|---|---|
| fixed length control field | 00376nam a22001217a 4500 |
| 082 ## - DEWEY DECIMAL CLASSIFICATION NUMBER | |
| Classification number | 625.732 |
| Author Mark | NAT |
| 110 ## - MAIN ENTRY--CORPORATE NAME | |
| Corporate name or jurisdiction name as entry element | Highway Research Board |
| 9 (RLIN) | 38228 |
| 245 ## - TITLE STATEMENT | |
| Title | Highway research record number 438 soil compaction and corrugation |
| 260 ## - PUBLICATION, DISTRIBUTION, ETC. | |
| Place of publication, distribution, etc. | Washington D.C |
| Name of publisher, distributor, etc. | Highway Research Board |
| Date of publication, distribution, etc. | 1971 |
| 526 ## - STUDY PROGRAM INFORMATION NOTE | |
| Program name | 0 |
| Interest level | 0 |
| Reading level | 0 |
| Title point value | 625_732000000000000_NAT |
| 650 ## - SUBJECT ADDED ENTRY--TOPICAL TERM | |
| Topical term or geographic name entry element | MCE |
| 9 (RLIN) | 379 |
| 942 ## - ADDED ENTRY ELEMENTS (KOHA) | |
| Source of classification or shelving scheme | |
| Koha item type | Book |
| Withdrawn status | Lost status | Source of classification or shelving scheme | Damaged status | Not for loan | Permanent Location | Current Location | Date acquired | Total Checkouts | Full call number | Barcode | Date last seen | Price effective from | Koha item type |
|---|---|---|---|---|---|---|---|---|---|---|---|---|---|
| Military College of Engineering (MCE) | Military College of Engineering (MCE) | 07/22/2014 | 625.732 NAT | MCE-43362 | 07/22/2014 | 07/22/2014 | Book |
